000
00273nam a2200121Ia 4500
005
20251222141825.0
008
251222s9999||||xx |||||||||||||| ||spa||
082
_a
982.04/S33
245
0
_a
Argentina
250
_a
1ra.ed.
264
_b
SecretarÃa de Argentina
942
_c
LIB
999
_c
6925
_d
6925